[Event "Mukachevo Rating January 2019"]
[Site "Mukachevo"]
[Date "2019.01.11"]
[Round "4"]
[White "Kagramanianz, Vartan"]
[Black "Becskei, Zoltan"]
[Result "1-0"]
[WhiteElo "2246"]
[BlackElo "2308"]
[Annotator "TA"]
[PlyCount "68"]
[EventDate "2019.01.09"]
[EventType "tourn"]
[EventCountry "UKR"]
[SourceTitle "playchess.com"]
[Source "ChessBase"]
[SourceQuality "1"]

{[%evp 12,68,22,33,57,26,24,27,62,41,63,34,114,133,154,147,150,160,408,410,389,363,947,934,991,1002,1072,1071,1045,1074,1173,1170,1134,1145,1508,1163,1296,1168,1408,1346,1297,1195,2303,2269,29989,29990,29989,1126,29988,1053,29992,29993,29995,29996,29997,29998,29998,29997,29999]} 1. e4 c5 2. Nf3 b6 3. d4 cxd4 4. Nxd4 Bb7 5. Bd3 g6 6. O-O {B27: Sicilian: 2 Nf3, unusual Black 2nd moves} Bg7 7. c3 {LiveBook: 3 Games} Na6 $146 ({Predecessor:} 7... a6 8. f4 d6 9. Qe2 Nd7 10. Bc4 Qc7 11. Nf3 b5 12. Bb3 Nc5 13. Bc2 {0-1 (46) Bellia,F (2403)-Meijers,V (2496) Paleochora 2008}) 8. Bxa6 {White is slightly better.} Bxa6 9. Re1 Qb8 10. Nd2 {[%cal Bb1d2,Bd2f3,Bf3g5][%mdl 32]} h5 11. N2f3 Nf6 (11... e5 $14) 12. e5 $16 Ng4 {[%cal Rg4e5] [#]} 13. e6 $1 {[%mdl 512] And now exd7+ would win.} O-O (13... dxe6 14. Qa4+) 14. h3 $36 {[%mdl 2048] White is in control.} fxe6 $2 (14... Nxf2 $16 {is a better defense.} 15. Kxf2 dxe6) 15. hxg4 $18 hxg4 16. Ng5 Rxf2 $2 (16... g3 17. f3 Qd6) 17. Kxf2 Qh2 18. Qxg4 Bxd4+ 19. cxd4 Rf8+ 20. Nf3 {[%mdl 64] Discovered Attack} Bd3 21. Ke3 Rxf3+ 22. Qxf3 Bf5 23. Bd2 e5 24. dxe5 Qxe5+ 25. Kf2 Qd4+ 26. Qe3 Qh4+ 27. Kg1 e6 28. Rac1 Kf7 29. Qf4 (29. Rc7 $142 Qd8 30. Qe5 g5 31. Bc3 Kg6 32. Qg7+ {[%mdl 64] Double Attack} Kh5 {[#]} 33. Bf6 $1 {[%mdl 512]} Qxf6 34. Qxf6) 29... Qh8 30. Qe5 (30. Rc7 $142 Qd8 31. Qd6 Qxc7 32. Qxc7 g5 33. Bxg5 Kg7 34. Qd8 Kh7 35. Qe7+ Kg6 36. Qf6+ Kh7 37. Bh6 Kg8 38. Qg7#) 30... Qh4 31. Rc8 {White mates.} Qg4 32. Bc3 {[%csl Gc3][%cal Re5g7]} Ke7 33. Qf6+ Kd6 {[#]} 34. Bb4+ $1 Kd5 (34... Qxb4 35. Rd1+) 1-0

[Event "Mukachevo Rating January 2019"]
[Site "Mukachevo"]
[Date "2019.01.11"]
[Round "4"]
[White "Martynyuk, Elizaveta"]
[Black "Larkin, Vladyslav"]
[Result "0-1"]
[WhiteElo "2120"]
[BlackElo "2311"]
[Annotator "TA"]
[PlyCount "86"]
[EventDate "2019.01.09"]
[EventType "tourn"]
[EventCountry "UKR"]
[SourceTitle "playchess.com"]
[Source "ChessBase"]
[SourceQuality "1"]

{[%evp 13,85,34,56,47,52,8,45,39,39,41,44,42,35,22,44,51,52,49,39,40,35,35,57,8,20,2,54,37,27,0,264,4,0,20,31,8,37,24,32,0,0,-14,-11,-54,-60,-395,-395,-394,-389,-412,-412,-408,-404,-685,-581,-573,-572,-566,-549,-803,-723,-5135,-5135,-29979,-2460,-29983,-29983,-29988,-29989,-29988,-29989,-29993,-29993,-29999]} 1. e4 d5 2. exd5 Qxd5 3. Nc3 Qa5 4. d4 c6 5. Nf3 Bf5 6. Bc4 e6 7. Bd2 Qc7 {LiveBook: 16 Games} 8. Nh4 {B01: Scandinavian Defence} Bg6 9. O-O $146 ({Predecessor:} 9. Qe2 Be7 10. Nxg6 hxg6 11. O-O-O Nf6 12. h3 Nbd7 13. Ne4 Nxe4 14. Qxe4 Nf6 15. Qf3 O-O-O {½-½ (24) Mitkov,N (2515)-Stefanova,A (2475) Djerba 1998}) 9... Be7 10. Nxg6 {White is slightly better.} hxg6 {[%csl Gh8][%cal Rc7h2]} 11. g3 Nf6 12. Re1 O-O 13. Qf3 Nbd7 {[%cal Bb8d7,Bd7b6,Bb6d5,Bd5b4][%mdl 32]} 14. Rad1 Nb6 15. Bb3 a5 {With the idea ...a4.} 16. a4 Nbd5 17. Ne2 Rfd8 18. c4 Nb4 19. Bc3 b5 ({Better is} 19... Bd6 $11) 20. cxb5 cxb5 21. Nf4 Nfd5 $2 {[%mdl 8192] [#]} (21... bxa4 $11 22. Bxe6 fxe6) 22. Nxd5 $2 ({Not} 22. axb5 Nxf4 23. gxf4 (23. Qxf4 Qxf4 24. gxf4 a4 $11) 23... a4 $11) (22. Nxe6 $1 $18 {[%mdl 512]} fxe6 23. Bxb4 (23. Rxe6 bxa4 24. Bxa4 Bf6 $15) 23... Bxb4 24. Rxe6) 22... Nxd5 $11 23. axb5 Rab8 24. Ba4 Rdc8 25. Bd2 Bf6 26. Rc1 Qb6 27. Rxc8+ Rxc8 28. Ra1 Qxd4 {[%mdl 64] Double Attack} 29. Bxa5 $2 {[%mdl 8192]} (29. Qd1 $1 $15) 29... Qxb2 $19 30. Re1 Ra8 31. Bb3 Rxa5 32. Bxd5 exd5 33. Re8+ (33. Qxd5 {keeps fighting.} Qxb5 34. Qxb5 Rxb5 35. h4) 33... Kh7 34. Qg4 {[#] Threatening mate with Qh3+.} Qb1+ $1 ({Avoid the trap} 34... Ra1+ $2 35. Kg2 $18) 35. Kg2 {White wants to mate with Qh3+.} Qf5 36. Qe2 d4 {[%cal Bd5d4,Bd4d3][%mdl 32] And now ...d3 would win.} 37. b6 d3 38. b7 Rb5 (38... dxe2 $142 39. b8=Q Qd5+ 40. Kh3 Qd7+ 41. Kg2 Qc6+ 42. Kh3 Rh5+ 43. Kg4 {[#]} Bd8 $1 {[%mdl 512]} 44. Qxd8 f5+ 45. Kf4 g5+ 46. Qxg5 Rxg5 47. Re3 Rg4+ 48. Ke5 Qf6+ 49. Kd5 Rd4+ 50. Kc5 Qd6+ 51. Kb5 Rb4+ 52. Ka5 Qb6#) 39. Qa2 Rxb7 {Black mates.} 40. Qa8 Qd5+ 41. Kh3 g5 42. Kg4 Rb4+ 43. Kh5 g6# {Accuracy: White = 32%, Black = 63%.} 0-1

[Event "Mukachevo Rating January 2019"]
[Site "Mukachevo"]
[Date "2019.01.11"]
[Round "4"]
[White "Tran, David"]
[Black "Tiba, Vladyslav"]
[Result "0-1"]
[WhiteElo "2111"]
[BlackElo "2405"]
[Annotator "TA"]
[PlyCount "129"]
[EventDate "2019.01.09"]
[EventType "tourn"]
[EventCountry "UKR"]
[SourceTitle "playchess.com"]
[Source "ChessBase"]
[SourceQuality "1"]

{[%evp 15,129,5,20,9,24,-14,-12,-28,-15,-95,0,-97,-89,-108,-116,-215,-68,-158,-102,-103,-97,-90,-88,-106,-99,-112,-86,-96,-96,-96,-46,-60,-69,-147,-51,-43,-61,-86,-79,-77,-79,-75,-85,-94,0,-65,-65,-122,-110,-141,-141,-216,-239,-229,-227,-209,-199,-197,-175,-169,-176,-148,-22,-17,-22,-221,-227,-222,-222,-208,-204,-385,-379,-431,-454,-420,-180,-261,-260,-364,-334,-305,-305,-504,-494,-454,-377,-793,-799,-1321,-1286,-1239,-1087,-1398,-1231,-1205,-1183,-1963,-1625,-1999,-1783,-29971,-29974,-29970,-29976,-29977,-29978,-29978,-29978,-29977,-29980,-29980,-29981,-29979,-29980,-29980]} 1. e4 c5 2. Nf3 e6 3. d4 cxd4 4. Nxd4 a6 5. c4 Nf6 6. Nc3 Bb4 7. Qd3 {B41: Sicilian: Kan Variation: 5 c4} d6 (7... Qc7 8. Nc2 Bc5 9. Be2 O-O 10. O-O Nc6 11. Kh1 d6 12. f4 Bd7 13. a3 Rad8 14. b4 Ba7 {½-½ (115) Karjakin,S (2782)-Caruana,F (2816) Paris 2018}) 8. f3 Nbd7 {[%cal Bb8d7,Bd7e5,Be5c4][%mdl 32] LiveBook: 3 Games} 9. a3 {The position is equal.} Ne5 10. Qd2 $146 (10. Qc2 {seems wilder.} Bc5 11. Be3 O-O 12. Be2 Ba7 13. O-O) ({Predecessor:} 10. Qc2 Bc5 11. Be3 Qc7 12. Qd2 O-O 13. Rc1 Qe7 14. Be2 Rd8 {1-0 (51) Kolmakov,P (2223)-Inarkiev,E (2668) Minsk 2015}) 10... Bc5 11. b4 Ba7 12. Qd1 (12. Bb2 $11) 12... Qc7 (12... Nh5 $17 13. Be3 Qh4+ 14. Kd2 Bd7) 13. Be2 (13. Ndb5 $11 axb5 14. Nxb5) 13... O-O $17 14. Bg5 Nxc4 15. Rc1 (15. Bxf6 $17 gxf6 16. Bxc4) 15... Qb6 (15... d5 $1 $19 {And now ...Rd8 would win.} 16. Bxc4 dxc4) 16. Bxf6 (16. Bxc4 $15 Qxd4 17. Qxd4 Bxd4 18. Ne2) 16... gxf6 ({Better is} 16... Nxa3 17. Be7 Re8) 17. Bxc4 {aiming for Nce2.} Qxd4 18. Qxd4 Bxd4 19. Ke2 b5 20. Bb3 Bb7 21. Rhd1 Be5 22. g3 Rfd8 23. Ke3 Rac8 24. Nb1 ({White should try} 24. Rd3 $15) 24... Bb2 (24... Kg7 $17 25. Rxc8 Rxc8) 25. Rxc8 $15 Bxc8 26. Ke2 Bb7 27. Rd2 Ba1 $36 {[%mdl 2048] Black has strong initiative.} 28. Ra2 Bd4 29. Rd2 Ba1 30. Ra2 $1 {[%cal Ra2a1]} Be5 $1 31. Rd2 (31. f4 $15 Bd4 32. Kd3) 31... Rc8 $17 32. f4 Ba1 $1 ({Resist} 32... Bxe4 33. fxe5 Bxb1 34. exd6 $17) 33. Rxd6 (33. Ke3 $17) 33... Bxe4 $19 34. Nd2 Bf5 35. Rxa6 Bg4+ 36. Kf2 Rd8 37. Ne4 Rd3 $1 {[%cal Rd3b3]} 38. Bc2 {[#]} Bd4+ (38... Rf3+ $1 $17 39. Ke1 f5) 39. Ke1 $1 $11 Rf3 {With the idea ...Kg7.} 40. Kd2 $2 (40. Rd6 $1 $11 Bb2 41. Rd3) 40... f5 $19 {Strongly threatening ...Be3+.} 41. Ng5 {[#]} Rf2+ $1 42. Kd3 Bf6 ({And not} 42... Rxh2 43. Kxd4 Rxc2 44. Ra8+ Kg7 45. Ra7 $14) 43. Ra8+ $2 (43. h3 Bh5 44. Rc6) 43... Kg7 44. Ra7 Bxg5 45. fxg5 Rxh2 {[%mdl 4096] Endgame KRB-KRB} (45... f4 $142 46. gxf4 Bf5+ 47. Ke3 Rxc2) 46. Bb3 (46. a4 $142) 46... Kg6 47. Kd4 {White hopes to continue with a4.} Rb2 48. Kc3 Rg2 49. Kd4 $2 (49. a4 {keeps fighting.}) 49... Rxg3 50. Bc2 Kxg5 51. Rxf7 $2 (51. a4 bxa4 52. b5) 51... Rxa3 52. Rxh7 Kf4 53. Re7 Re3 54. Bb1 e5+ {[%cal Be6e5,Be5e4,Be4e3,Be3e2][%mdl 32]} 55. Kc5 Be2 56. Rf7 Rc3+ 57. Kb6 e4 58. Ba2 Bc4 {Black mates.} 59. Bxc4 bxc4 {KR-KR} 60. Kc5 e3 61. Re7 Rc1 62. b5 Kf3 63. b6 e2 64. b7 Rb1 65. Kd4 {Accuracy: White = 36%, Black = 57%.} 0-1

[Event "Mukachevo Rating January 2019"]
[Site "Mukachevo"]
[Date "2019.01.12"]
[Round "6"]
[White "Baidetskyi, Valentin"]
[Black "Tiba, Vladyslav"]
[Result "1-0"]
[WhiteElo "2387"]
[BlackElo "2405"]
[Annotator "NA"]
[PlyCount "87"]
[EventDate "2019.01.09"]
[EventType "tourn"]
[EventCountry "UKR"]
[SourceTitle "playchess.com"]
[Source "ChessBase"]
[SourceQuality "1"]
[TimeControl "5400+30"]

1. e4 {[%emt 0:00:00]} c5 {[%emt 0:00:00]} 2. Nf3 {[%emt 0:00:00]} e6 {[%emt 0:00:00]} 3. d4 {[%emt 0:00:00]} cxd4 {[%emt 0:00:00]} 4. Nxd4 {[%emt 0:00:00]} a6 {[%emt 0:00:00]} 5. Bd3 {[%emt 0:00:00]} Nf6 {[%emt 0:00:02]} 6. O-O {[%emt 0:00:00]} Qc7 {[%emt 0:00:07]} 7. Qe2 {[%emt 0:00:17]} d6 {[%emt 0:00:57]} 8. c4 {[%emt 0:00:20]} g6 {[%emt 0:06:43]} 9. Nc3 {[%emt 0:00:27]} Bg7 {[%emt 0:00:17]} 10. Rd1 {[%emt 0:01:03]} O-O {[%emt 0:00:29]} 11. h3 {[%emt 0:00:30]} Nc6 {[%emt 0:00:25]} 12. Nf3 {[%emt 0:01:18]} Nd7 {[%emt 0:00:56]} 13. Bf4 {[%emt 0:03:40]} Nde5 {[%emt 0:01:53]} 14. Rac1 {[%emt 0:00:52]} Bd7 {[%emt 0:03:59]} 15. Bb1 {[%emt 0:12:14]} Rac8 {[%emt 0:12:07]} 16. b3 {[%emt 0:04:36]} h6 {[%emt 0:25:18]} 17. Nh2 {[%emt 0:03:30]} Rcd8 {[%emt 0:11:40]} 18. Be3 {[%emt 0:06:23]} g5 {[%emt 0:07:27]} 19. Na4 {[%emt 0:06:30]} Rc8 {[%emt 0:11:25]} 20. Bb6 {[%emt 0:02:32]} Qb8 {[%emt 0:00:06]} 21. Qd2 {[%emt 0:00:17]} Ne7 {[%emt 0:00:54]} 22. Qb4 {[%emt 0:09:52]} Bxa4 {[%emt 0:00:37]} 23. Qxa4 {[%emt 0:00:10]} Rc6 {[%emt 0:00:52]} 24. Qb4 {[%emt 0:01:02]} N7g6 {[%emt 0:00:36]} 25. Be3 {[%emt 0:06:11]} Qc7 {[%emt 0:01:24]} 26. g3 {[%emt 0:04:46]} Qe7 {[%emt 0:05:06]} 27. Qd2 {[%emt 0:11:30]} Nd7 {[%emt 0:02:31]} 28. Kh1 {[%emt 0:00:55]} e5 {[%emt 0:02:59]} 29. Qe2 {[%emt 0:01:24]} Nc5 {[%emt 0:02:16]} 30. Qh5 {[%emt 0:06:59]} Ne6 {[%emt 0:00:52]} 31. Ng4 {[%emt 0:00:07]} Rfc8 {[%emt 0:01:45]} 32. Nxh6+ {[%emt 0:00:50]} Bxh6 {[%emt 0:00:05]} 33. Qxh6 {[%emt 0:00:04]} Qf6 {[%emt 0:00:59]} 34. Bd3 {[%emt 0:05:11]} b5 {[%emt 0:01:29]} 35. Be2 {[%emt 0:03:50]} Nd4 {[%emt 0:00:41]} 36. Bg4 {[%emt 0:00:18]} R8c7 {[%emt 0:00:31]} 37. Bxg5 {[%emt 0:01:28]} Qg7 {[%emt 0:00:29]} 38. Qxg7+ {[%emt 0:00:28]} Kxg7 {[%emt 0:00:02]} 39. cxb5 {[%emt 0:01:55]} axb5 {[%emt 0:00:26]} 40. Rxc6 {[%emt 0:00:12]} Rxc6 {[%emt 0:00:05]} 41. Be3 {[%emt 0:00:10]} Nc2 {[%emt 0:00:25]} 42. Rc1 {[%emt 0:00:23]} Ne7 {[%emt 0:00:17]} 43. Bd7 {[%emt 0:00:17]} Rc7 {[%emt 0:00:54]} 44. Bxb5 {[%emt 0:00:08]} 1-0

[Event "Mukachevo Rating January 2019"]
[Site "Mukachevo"]
[Date "2019.01.12"]
[Round "6"]
[White "Shkuran, Danylo"]
[Black "Larkin, Vladyslav"]
[Result "1-0"]
[WhiteElo "2359"]
[BlackElo "2311"]
[Annotator "NA"]
[PlyCount "121"]
[EventDate "2019.01.09"]
[EventType "tourn"]
[EventCountry "UKR"]
[SourceTitle "playchess.com"]
[Source "ChessBase"]
[SourceQuality "1"]
[TimeControl "5400+30"]

1. e4 {[%emt 0:00:00]} d6 {[%emt 0:00:00]} 2. d4 {[%emt 0:00:10]} Nf6 {[%emt 0:00:00]} 3. Nc3 {[%emt 0:00:04]} Nbd7 {[%emt 0:00:58]} 4. g3 {[%emt 0:02:30]} e5 {[%emt 0:00:49]} 5. Bg2 {[%emt 0:00:47]} g6 {[%emt 0:13:50]} 6. Nge2 {[%emt 0:02:51]} Bg7 {[%emt 0:00:09]} 7. O-O {[%emt 0:00:21]} O-O {[%emt 0:00:10]} 8. h3 {[%emt 0:00:45]} Re8 {[%emt 0:07:10]} 9. Re1 {[%emt 0:05:41]} c6 {[%emt 0:05:16]} 10. a4 {[%emt 0:06:20]} b6 {[%emt 0:09:41]} 11. Be3 {[%emt 0:04:01]} Bb7 {[%emt 0:02:38]} 12. g4 {[%emt 0:08:09]} d5 {[%emt 0:05:15]} 13. exd5 {[%emt 0:03:21]} cxd5 {[%emt 0:00:41]} 14. Nb5 {[%emt 0:07:34]} exd4 {[%emt 0:04:37]} 15. Bxd4 {[%emt 0:08:56]} Ne5 {[%emt 0:02:27]} 16. Nec3 {[%emt 0:04:16]} Ne4 {[%emt 0:06:34]} 17. f4 {[%emt 0:11:33]} Nc4 {[%emt 0:08:56]} 18. Bxg7 {[%emt 0:17:11]} Kxg7 {[%emt 0:00:07]} 19. Qd4+ {[%emt 0:00:13]} Qf6 {[%emt 0:00:20]} 20. Rxe4 {[%emt 0:12:53]} Rxe4 {[%emt 0:00:42]} 21. Qxf6+ {[%emt 0:00:04]} Kxf6 {[%emt 0:00:05]} 22. Bxe4 {[%emt 0:00:31]} dxe4 {[%emt 0:00:14]} 23. b3 {[%emt 0:02:06]} Nd2 {[%emt 0:00:59]} 24. Kf2 {[%emt 0:01:08]} Rc8 {[%emt 0:09:28]} 25. Rd1 {[%emt 0:00:14]} Nf3 {[%emt 0:01:50]} 26. Rd7 {[%emt 0:00:47]} Ba8 {[%emt 0:06:01]} 27. Rxa7 {[%emt 0:00:24]} e3+ {[%emt 0:01:49]} 28. Kxe3 {[%emt 0:00:11]} Ne1 {[%emt 0:01:28]} 29. Kd2 {[%emt 0:00:55]} Ng2 {[%emt 0:00:26]} 30. Rxf7+ {[%emt 0:00:32]} Ke6 {[%emt 0:00:07]} 31. Rxh7 {[%emt 0:00:14]} Nxf4 {[%emt 0:00:08]} 32. Nc7+ {[%emt 0:00:28]} Ke5 {[%emt 0:00:51]} 33. Nxa8 {[%emt 0:00:43]} Rxa8 {[%emt 0:00:02]} 34. h4 {[%emt 0:00:33]} Rd8+ {[%emt 0:01:44]} 35. Kc1 {[%emt 0:00:09]} Kd4 {[%emt 0:00:22]} 36. Kb2 {[%emt 0:00:16]} Ke3 {[%emt 0:00:57]} 37. Rb7 {[%emt 0:01:01]} Kf3 {[%emt 0:01:36]} 38. Rxb6 {[%emt 0:00:26]} Kxg4 {[%emt 0:00:06]} 39. Rb4 {[%emt 0:00:12]} Kf3 {[%emt 0:00:05]} 40. a5 {[%emt 0:00:36]} Rd2 {[%emt 0:01:30]} 41. Kc1 {[%emt 0:00:09]} Rd8 {[%emt 0:00:35]} 42. a6 {[%emt 0:00:31]} Ra8 {[%emt 0:01:03]} 43. Ra4 {[%emt 0:00:27]} Ne6 {[%emt 0:00:04]} 44. b4 {[%emt 0:00:11]} Rc8 {[%emt 0:00:26]} 45. Kb2 {[%emt 0:00:53]} Nc7 {[%emt 0:01:20]} 46. b5 {[%emt 0:00:15]} Na8 {[%emt 0:00:07]} 47. Nd5 {[%emt 0:00:13]} Rb8 {[%emt 0:00:35]} 48. c4 {[%emt 0:00:13]} Ke4 {[%emt 0:00:05]} 49. Kc3 {[%emt 0:00:30]} Ke5 {[%emt 0:00:29]} 50. Ra1 {[%emt 0:00:06]} Kd6 {[%emt 0:00:18]} 51. Kd4 {[%emt 0:00:08]} Rh8 {[%emt 0:00:22]} 52. c5+ {[%emt 0:00:19]} Kd7 {[%emt 0:00:22]} 53. b6 {[%emt 0:01:35]} Rxh4+ {[%emt 0:00:20]} 54. Kc3 {[%emt 0:00:09]} Rh8 {[%emt 0:00:15]} 55. Kc4 {[%emt 0:00:59]} Kc6 {[%emt 0:02:05]} 56. Nb4+ {[%emt 0:00:32]} Kd7 {[%emt 0:00:07]} 57. Rd1+ {[%emt 0:00:46]} Kc8 {[%emt 0:00:24]} 58. Kb5 {[%emt 0:01:04]} g5 {[%emt 0:01:06]} 59. Nd5 {[%emt 0:00:40]} g4 {[%emt 0:01:06]} 60. Ne7+ {[%emt 0:00:21]} Kb8 {[%emt 0:00:09]} 61. a7+ {[%emt 0:00:05]} 1-0

[Event "Mukachevo Rating January 2019"]
[Site "Mukachevo"]
[Date "2019.01.12"]
[Round "6"]
[White "Oros, Robert"]
[Black "Kagramanianz, Vartan"]
[Result "1-0"]
[WhiteElo "2312"]
[BlackElo "2246"]
[Annotator "NA"]
[PlyCount "103"]
[EventDate "2019.01.09"]
[EventType "tourn"]
[EventCountry "UKR"]
[SourceTitle "playchess.com"]
[Source "ChessBase"]
[SourceQuality "1"]
[TimeControl "5400+30"]

1. e4 {[%emt 0:00:00]} c5 {[%emt 0:00:00]} 2. Nc3 {[%emt 0:00:04]} Nc6 {[%emt 0:00:15]} 3. g3 {[%emt 0:00:08]} g6 {[%emt 0:00:33]} 4. Bg2 {[%emt 0:00:09]} Bg7 {[%emt 0:00:04]} 5. d3 {[%emt 0:00:18]} d6 {[%emt 0:00:44]} 6. f4 {[%emt 0:00:32]} e6 {[%emt 0:02:47]} 7. Nf3 {[%emt 0:00:36]} Nge7 {[%emt 0:02:04]} 8. O-O {[%emt 0:01:31]} O-O {[%emt 0:01:51]} 9. Be3 {[%emt 0:00:10]} Nd4 {[%emt 0:03:32]} 10. e5 {[%emt 0:01:02]} Nef5 {[%emt 0:07:16]} 11. Bf2 {[%emt 0:00:18]} d5 {[%emt 0:06:50]} 12. Nd2 {[%emt 0:13:42]} f6 {[%emt 0:07:12]} 13. g4 {[%emt 0:21:35]} Ne7 {[%emt 0:00:34]} 14. exf6 {[%emt 0:00:28]} Bxf6 {[%emt 0:01:11]} 15. Na4 {[%emt 0:00:38]} b6 {[%emt 0:01:08]} 16. c3 {[%emt 0:01:57]} Ndc6 {[%emt 0:00:58]} 17. Nf3 {[%emt 0:04:25]} Bg7 {[%emt 0:21:38]} 18. Bg3 {[%emt 0:02:33]} Bd7 {[%emt 0:00:47]} 19. d4 {[%emt 0:07:47]} Qc8 {[%emt 0:02:42]} 20. h3 {[%emt 0:05:02]} Qa6 {[%emt 0:10:36]} 21. b3 {[%emt 0:00:55]} Rac8 {[%emt 0:00:20]} 22. Ne5 {[%emt 0:11:50]} Nxe5 {[%emt 0:01:22]} 23. dxe5 {[%emt 0:00:42]} Qa5 {[%emt 0:13:00]} 24. c4 {[%emt 0:06:57]} b5 {[%emt 0:06:56]} 25. Be1 {[%emt 0:00:27]} Qd8 {[%emt 0:00:45]} 26. Nc3 {[%emt 0:00:42]} b4 {[%emt 0:01:23]} 27. Ne2 {[%emt 0:04:45]} dxc4 {[%emt 0:00:20]} 28. bxc4 {[%emt 0:01:30]} Bc6 {[%emt 0:00:32]} 29. Bh4 {[%emt 0:01:21]} Bxg2 {[%emt 0:01:07]} 30. Kxg2 {[%emt 0:00:36]} Qxd1 {[%emt 0:01:32]} 31. Raxd1 {[%emt 0:00:08]} Nc6 {[%emt 0:00:11]} 32. Rd6 {[%emt 0:04:44]} Na5 {[%emt 0:02:18]} 33. Rxe6 {[%emt 0:01:05]} Nxc4 {[%emt 0:00:07]} 34. Rc1 {[%emt 0:00:05]} Nb6 {[%emt 0:01:51]} 35. Bf2 {[%emt 0:00:50]} Nd5 {[%emt 0:01:37]} 36. Rc4 {[%emt 0:00:32]} a5 {[%emt 0:01:02]} 37. Rd6 {[%emt 0:00:21]} Rfd8 {[%emt 0:00:26]} 38. Rxc5 {[%emt 0:00:21]} Nc3 {[%emt 0:00:21]} 39. Nxc3 {[%emt 0:00:24]} bxc3 {[%emt 0:00:05]} 40. Rxc3 {[%emt 0:00:41]} g5 {[%emt 0:00:15]} 41. Rxc8 {[%emt 0:02:31]} Rxc8 {[%emt 0:00:09]} 42. fxg5 {[%emt 0:00:51]} Bxe5 {[%emt 0:00:45]} 43. Rd5 {[%emt 0:00:18]} Bc3 {[%emt 0:00:16]} 44. Rc5 {[%emt 0:01:08]} Rxc5 {[%emt 0:01:15]} 45. Bxc5 {[%emt 0:00:06]} Bd2 {[%emt 0:01:08]} 46. h4 {[%emt 0:00:32]} Kf7 {[%emt 0:00:14]} 47. Kf3 {[%emt 0:00:22]} Ke6 {[%emt 0:00:30]} 48. Ke4 {[%emt 0:01:30]} Be1 {[%emt 0:00:23]} 49. h5 {[%emt 0:00:16]} Bd2 {[%emt 0:00:13]} 50. Be3 {[%emt 0:00:15]} Be1 {[%emt 0:00:14]} 51. a4 {[%emt 0:00:25]} Bb4 {[%emt 0:00:35]} 52. Bd4 {[%emt 0:03:10] Kd5+} 1-0

[Event "Mukachevo Rating January 2019"]
[Site "Mukachevo"]
[Date "2019.01.12"]
[Round "6"]
[White "Martynyuk, Elizaveta"]
[Black "Becskei, Zoltan"]
[Result "1-0"]
[WhiteElo "2120"]
[BlackElo "2308"]
[Annotator "NA"]
[PlyCount "99"]
[EventDate "2019.01.09"]
[EventType "tourn"]
[EventCountry "UKR"]
[SourceTitle "playchess.com"]
[Source "ChessBase"]
[SourceQuality "1"]
[TimeControl "5400+30"]

1. e4 {[%emt 0:13:02]} c5 {[%emt 0:00:28]} 2. Nf3 {[%emt 0:00:04]} e6 {[%emt 0:00:11]} 3. d4 {[%emt 0:00:06]} cxd4 {[%emt 0:00:17]} 4. Nxd4 {[%emt 0:00:02]} a6 {[%emt 0:00:20]} 5. Bd3 {[%emt 0:00:07]} Nf6 {[%emt 0:00:23]} 6. O-O {[%emt 0:00:10]} Qc7 {[%emt 0:00:18]} 7. c4 {[%emt 0:00:06]} d6 {[%emt 0:01:01]} 8. Nc3 {[%emt 0:00:12]} Nbd7 {[%emt 0:00:32]} 9. b3 {[%emt 0:00:22]} h6 {[%emt 0:00:35]} 10. Bb2 {[%emt 0:00:08]} g5 {[%emt 0:01:28]} 11. Nce2 {[%emt 0:03:38]} Ne5 {[%emt 0:02:39]} 12. f4 {[%emt 0:01:29]} Neg4 {[%emt 0:01:45]} 13. Nc2 {[%emt 0:04:15]} e5 {[%emt 0:00:35]} 14. fxe5 {[%emt 0:05:07]} dxe5 {[%emt 0:00:20]} 15. h3 {[%emt 0:00:44]} Bc5+ {[%emt 0:00:29]} 16. Kh1 {[%emt 0:00:49]} h5 {[%emt 0:00:43]} 17. Qd2 {[%emt 0:05:35]} Nf2+ {[%emt 0:02:22]} 18. Rxf2 {[%emt 0:00:28]} Bxf2 {[%emt 0:00:15]} 19. Qxg5 {[%emt 0:00:32]} Ng4 {[%emt 0:03:16]} 20. Qg7 {[%emt 0:00:32]} Rf8 {[%emt 0:00:19]} 21. hxg4 {[%emt 0:00:34]} hxg4 {[%emt 0:01:12]} 22. Rf1 {[%emt 0:02:49]} f5 {[%emt 0:01:33]} 23. Qg6+ {[%emt 0:01:22]} Qf7 {[%emt 0:00:12]} 24. Qxf7+ {[%emt 0:00:12]} Rxf7 {[%emt 0:00:09]} 25. Rxf2 {[%emt 0:00:07]} fxe4 {[%emt 0:00:07]} 26. Rxf7 {[%emt 0:00:14]} exd3 {[%emt 0:00:54]} 27. Rf1 {[%emt 0:00:40]} b5 {[%emt 0:22:45]} 28. Bxe5 {[%emt 0:00:25]} bxc4 {[%emt 0:01:43]} 29. bxc4 {[%emt 0:00:03]} Be6 {[%emt 0:05:09]} 30. Ned4 {[%emt 0:00:48]} Bxc4 {[%emt 0:01:05]} 31. Ne3 {[%emt 0:00:05]} Bf7 {[%emt 0:06:18]} 32. Rd1 {[%emt 0:00:24]} Bg6 {[%emt 0:00:24]} 33. Ndf5 {[%emt 0:00:59]} Rd8 {[%emt 0:00:30]} 34. Bd6 {[%emt 0:00:34]} Kf7 {[%emt 0:02:57]} 35. Rxd3 {[%emt 0:00:14]} Ke6 {[%emt 0:00:52]} 36. Ng7+ {[%emt 0:00:41]} Kf7 {[%emt 0:01:01]} 37. Rd4 {[%emt 0:00:11]} g3 {[%emt 0:03:31]} 38. Ngf5 {[%emt 0:00:33]} Ke6 {[%emt 0:06:53]} 39. Bxg3 {[%emt 0:00:17]} Ra8 {[%emt 0:05:06]} 40. Rd6+ {[%emt 0:00:48]} Kf7 {[%emt 0:00:22]} 41. Bh4 {[%emt 0:00:05]} Bxf5 {[%emt 0:04:44]} 42. Nxf5 {[%emt 0:00:03]} a5 {[%emt 0:00:24]} 43. g4 {[%emt 0:00:07]} a4 {[%emt 0:00:15]} 44. g5 {[%emt 0:00:06]} Ke8 {[%emt 0:05:10]} 45. g6 {[%emt 0:00:06]} Rc8 {[%emt 0:00:21]} 46. g7 {[%emt 0:00:18]} Rc1+ {[%emt 0:01:04]} 47. Kh2 {[%emt 0:00:07]} Rc2+ {[%emt 0:00:13]} 48. Kh3 {[%emt 0:00:04]} Rc3+ {[%emt 0:00:15]} 49. Kg4 {[%emt 0:00:04]} Kf7 {[%emt 0:01:26]} 50. Rf6+ {[%emt 0:00:08]} 1-0